| Поле | Инд. | ПП | Название | Значение |
|---|---|---|---|---|
| Тип записи | a | |||
| Библиографический уровень | b | |||
| 001 | Контрольный номер | UNIDUBNAb8520131003f43d38e90556705ff9751 | ||
| 005 | Дата корректировки | 20230131104540.4 | ||
| 008 | Кодируемые данные | 20170331 | ||
| 040 | b | Код языка каталог. | rus | |
| e | Правила каталог. | PSBO | ||
| 041 | 0_ | a | Код языка текста | rus |
| 084 | a | Индекс другой классификации/Индекс ББК | 67.408.131.11; 67.408.135 | |
| 100 | 1_ | a | Автор | Алескеров В. И. |
| q | Полное имя | Алескеров Вагиф Исмаилович | ||
| 100 | 1_ | a | Автор | Колокольчикова О. Н. |
| q | Полное имя | Колокольчикова (Королева) Ольга Николаевна | ||
| 245 | 10 | a | Заглавие | О преступлениях террористического характера и экстремистской направленности, совершаемых с использованием сферы телекоммуникаций и компьютерной информации |
| 520 | 0_ | a | Аннотация | В статье приводится краткий анализ преступлений террористического характера и экстремистской направленности, совершаемых с использованием сферы телекоммуникаций и компьютерной информации, рассматриваются конкретные примеры из повседневной практической деятельности сотрудников подразделений по борьбе с экстремизмом и терроризмом. Раскрываются: субъективная характерологическая особенность личности подозреваемого лица; некоторые современные способы, применяемые для своевременного получения необходимой информации и раскрытия преступлений террористического характера и экстремистской направленности; криминалистические особенности рассматриваемых видов преступлений. Указывается взаимосвязь преступлений, входящих в главу 28 Уголовного кодекса РФ, с другими видами преступлений. Приводится статистика, представленная в сборниках ФКУ «Главный информационно-аналитический центр МВД России» «Состояние преступности в России» за 2016–2019 годы и девять месяцев 2020 года |
| 650 | 14 | a | Основная рубрика | право |
| a | Основная рубрика | уголовное право | ||
| 653 | 0_ | a | Ключевые слова | информация |
| a | Ключевые слова | кибератаки | ||
| a | Ключевые слова | киберугрозы | ||
| a | Ключевые слова | компьютерная информация | ||
| a | Ключевые слова | компьютерные преступления | ||
| a | Ключевые слова | преступления в сфере компьютерной информации | ||
| a | Ключевые слова | преступления против общественной безопасности | ||
| a | Ключевые слова | сфера телекоммуникаций | ||
| a | Ключевые слова | терроризм | ||
| a | Ключевые слова | уголовные преступления | ||
| a | Ключевые слова | Уголовный кодекс РФ | ||
| a | Ключевые слова | экстремизм | ||
| 773 | 08 | t | Заглавие источника | Российская юстиция |
| d | Дата издания источника | 2021 | ||
| g | Прочая информация | № 3. - С. 59 - 62 | ||
| w | Контрольный № источника | b885f12bde384f57bfa824b25e31dd75 | ||
| 901 | t | Тип документа | b |